000 00510nam a2200181 4500
999 _c2399
_d2399
003 OSt
005 20201106092603.0
008 201106b ||||| |||| 00| 0 eng d
020 _a032804962x
020 _a9780328049622
040 _aKABLIB
_cKABLIB
_dKABLIB
082 _223
_a510
_bGOM
100 _aGomez, Amy.
_96538
245 _aScott Foresman - Addison Wesley mathematics :
_b[Grade 4] /
_cAmy Gomez.
260 _aNew jersey :
_bPearson/Scott Foresman,
300 _a161 p. ;
_c28 cm.
942 _2ddc
_cBOOK